SSC Napoli Squad 2017-2018 - Statistics

General Stats
  • This quiz has been taken 175 times
  • The average score is 19 of 26
Answer Stats
Nbr Post Nationality Player % Correct
17 MF Slovakia Marek Hamsik
96%
14 FW Belgium Dries Mertens
95%
24 FW Italy Lorenzo Insigne
93%
7 FW Spain Josè Callejon
89%
26 DF Senegal Kalidou Koulibaly
88%
99 FW Poland Arkadiusz Milik
87%
25 GK Spain Josè Reina
87%
31 DF Algeria Faouzi Ghoulam
84%
5 MF Brazil Allan
83%
23 DF Albania Elseid Hysaj
83%
20 MF Poland Piotr Zielinski
83%
33 DF Spain Raul Albiol
82%
8 MF Italy Jorginho
77%
6 DF Portugal Mario Rui
77%
- Coach Italy Maurizio Sarri
72%
42 MF Guinea Amadou Diawara
67%
21 DF Romania Vlad Chiriches
66%
19 DF Serbia Nikola Maksimovic
64%
1 GK Brazil Rafael
64%
30 MF Croatia Marko Rog
63%
11 DF Italy Christian Maggio
61%
37 FW Algeria Adam Ounas
60%
62 DF Italy Lorenzo Tonelli
45%
22 GK Italy Luigi Sepe
38%
15 MF Italy Emanuele Giaccherini
31%
18 FW Brazil Leandrinho
31%
No matching quizzes found
Score Distribution
Percent of People with Each Score
Percentile by Number Answered
Your Score History
You have not taken this quiz